000 00467nam a2200181Ia 4500
001 3831
005 20260306145712.0
008 260306t2011||||xx |||||||||||||| ||spa||
041 _aESP
082 _a303.6
_bB74
100 _aBorda-Malo Echevarri, Santiago
_eAUT
245 0 _aFilosofía de la no-violencia y crítica de la razón violenta
260 _c2011
300 _a329 páginas :
_c23 cm.
650 _aGEN
654 _aCHU
942 _cLIB
_dJUS
_fJUS
_2ddc
_n
999 _c3831
_d3831